000
00225nam a2200085Ia 4500
008
120527s9999 xx 000 0 und d
100
_a
Westrum & Samaha
245
_a
Complex organisation: growth,struggle and change
942
_c
BK
999
_c
27233
_d
27233